Southville International School and Colleges
Your cart is empty.
  • Cart
  • Lists
    Public lists Eva Luna New books Lux_list list_1
    Your lists Log in to create your own lists
  • Log in to your account
  • Your cookies
  • Search history
Southville International School and Colleges
  • Advanced search
  • Recent comments
  • Most popular
  • Libraries

Log in to your account

Log in with GOOGLE


If you do not have an external account, but do have a local account, you can still log in:

  1. Home
  2. MARC view: Eleven minutes /
Normal view MARC view ISBD view

Eleven minutes / (Record no. 368498)

[ view plain ]
MARC details
000 -LEADER
fixed length control field 01103nam a22002297a 4500
003 - CONTROL NUMBER IDENTIFIER
control field 0
005 - DATE AND TIME OF LATEST TRANSACTION
control field 20251107142017.0
008 - FIXED-LENGTH DATA ELEMENTS--GENERAL INFORMATION
fixed length control field 251107b xxu||||| |||| 00| 0 eng d
020 ## - INTERNATIONAL STANDARD BOOK NUMBER
International Standard Book Number 978-0-06-072675-1
050 ## - LIBRARY OF CONGRESS CALL NUMBER
Classification number PQ 9698.13.O352
Item number .C672 E45 2004
100 ## - MAIN ENTRY--PERSONAL NAME
Personal name Coelho, Paulo,
Relator term author.
245 ## - TITLE STATEMENT
Title Eleven minutes /
Statement of responsibility, etc Paulo Coelho ; translated from the Portuguese by Margaret Jull Costa.
260 ## - PUBLICATION, DISTRIBUTION, ETC. (IMPRINT)
Place of publication, distribution, etc New York :
Name of publisher, distributor, etc Harper,
Date of publication, distribution, etc c2004.
300 ## - PHYSICAL DESCRIPTION
Extent 273 pages ;
Dimensions 18 cm.
500 ## - GENERAL NOTE
General note Originally published in Portuguese. Translated from the Portuguese by Margaret Jull Costa.
520 ## - SUMMARY, ETC.
Summary, etc The story of Maria, a young Brazilian woman who travels to Europe in search of adventure and independence, but finds herself working as a prostitute. Through her relationships and personal reflections, she begins a journey of emotional and spiritual discovery, exploring the nature of love, passion, and inner freedom.
650 ## - SUBJECT ADDED ENTRY--TOPICAL TERM
Topical term or geographic name as entry element Prostitutes
Form subdivision Fiction.
650 ## - SUBJECT ADDED ENTRY--TOPICAL TERM
Topical term or geographic name as entry element Love
Form subdivision Fiction.
650 ## - SUBJECT ADDED ENTRY--TOPICAL TERM
Topical term or geographic name as entry element Self-actualization (Psychology)
Form subdivision Fiction.
700 ## - ADDED ENTRY--PERSONAL NAME
Personal name Costa, Margaret Jull,
Relator term translator.
942 ## - ADDED ENTRY ELEMENTS (KOHA)
Source of classification or shelving scheme Library of Congress Classification
Koha item type Books
Holdings
Withdrawn status Lost status Source of classification or shelving scheme Damaged status Home library Current library Shelving location Date acquired Source of acquisition Sub Shelving location Total Checkouts Full call number Barcode Date last seen Price effective from Koha item type
    Library of Congress Classification   Luxembourg Library Luxembourg Library Fiction Section 11/19/2024 Library Fund     PQ 9698.13.O352 .C672 E45 2004 21446 11/07/2025 11/07/2025 Books

Eleven minutes /

APA

Coelho P., Costa M. J., . (2004). Eleven minutes. New York: Harper.

Chicago

Coelho Paulo, Costa Margaret Jull, . 2004. Eleven minutes. New York: Harper.

Harvard

Coelho P., Costa M. J., . (2004). Eleven minutes. New York: Harper.

MLA

Coelho Paulo, Costa Margaret Jull, . Eleven minutes. New York: Harper. 2004.

  • Place hold
  • Print
  • Cite
  • Add to your cart (remove)
  • Save record
    BIBTEX Dublin Core MARCXML MARC (non-Unicode/MARC-8) MARC (Unicode/UTF-8) MARC (Unicode/UTF-8, Standard) MODS (XML) RIS
  • More searches
    Search for this title in:
    Other Libraries (WorldCat) Other Databases (Google Scholar) Online Stores (Bookfinder.com) Open Library (openlibrary.org)

Exporting to Dublin Core...

SOUTHVILLE LIBRARY

Southville International School and Colleges Library

1281 Tropical Ave. Cor. Luxembourg St., BF Homes International, Las Pinas City

Tel. No. 8256374 / 252358 Loc. 117/146

Powered by Koha